Superhero Teams - Statistics

General Stats
  • This quiz has been taken 605 times
    511 since last reset
  • The average score is 5 of 8
Answer Stats
Hint Answer % Correct
Iron Man, Captain America, The Hulk, Thor, Hawkeye, Black Widow The Avengers
98%
(Original) Superman, Batman, Wonder Woman, Flash, Aquaman, Martian Manhunter Justice League
97%
Mister Fantastic, Invisible Woman, Human Torch, Thing Fantastic Four
96%
(Original) Cyclops, Iceman, Angel, Beast, Marvel Girl X-Men
88%
(Most popular version) Beast Boy, Nightwing, Raven, Cyborg, Starfire Teen Titans
85%
Aquaman, Batman, Superman, Robin, Wonderwoman, Wendy, Marvin, those other guys Super Friends
22%
(Original) Batman, Black Lightning, Geo-Force, Halo, Katana, Metamorpho, Looker, Windfall, Atomic Knight Outsiders
20%
Hat, Menagerie, Vera Black, Manchester Black The Elite
11%
No matching quizzes found
Score Distribution
Percent of People with Each Score
Percentile by Number Answered
Your Score History
You have not taken this quiz since the last reset